000 00696nam a2200289Ia 4500
005 20260324141136.0
008 008 260324s9999 xx 000 0 eng d
020 _a9781315806327
037 _aEBOOK
040 _aCRL
040 _beng
040 _cCRL
041 _2eng
041 _aeng
084 _qCRL
100 _aRobert S. Wyer, Jr.
_91192279
245 4 _aThe Automaticity of Everyday Life
245 0 _bAdvances in Social Cognition, Volume X
260 _bTaylor and Francis
260 _c1997
365 _a
365 _b230
856 _uhttp://www.taylorfrancis.com/books/9781315806327
942 _cEBOOK
999 _c1809860
_d1809860